[Event "Uppsala Young Champions 8th"]
[Site "Uppsala"]
[Date "2021.11.02"]
[Round "7"]
[White "Nesse, David"]
[Black "Fridman, Arvid"]
[Result "0-1"]
[WhiteElo "1747"]
[BlackElo "1813"]
[PlyCount "94"]
[EventDate "2021.10.29"]
[EventType "swiss"]
[EventRounds "9"]
[EventCountry "SWE"]
[SourceTitle "CBM 205 Extra"]
[Source "ChessBase"]
[SourceDate "2022.01.31"]
[SourceVersion "1"]
[SourceVersionDate "2022.01.31"]
[SourceQuality "1"]

1. e4 c6 2. d4 d5 3. e5 c5 4. dxc5 Nc6 5. Nf3 Bg4 6. Nbd2 e6 7. Be2 Bxc5 8. a3 Nge7 9. b4 Bb6 10. Bb2 0-0 11. 0-0 Ng6 12. Re1 Bc7 13. Nd4 Bxe2 14. Nxc6 Qd7 15. Qxe2 Qxc6 16. Nf3 a6 17. h4 Rac8 18. h5 Ne7 19. h6 g6 20. Nd4 Qc4 21. Qf3 Bd8 22. Re3 Nc6 23. c3 Nxd4 24. cxd4 Bg5 25. Rc3 Qxd4 26. Rxc8 Qxb2 27. Rxf8+ Kxf8 28. Re1 Bxh6 29. Qd3 Bf4 30. Qf3 Bxe5 31. Qe2 Qxe2 32. Rxe2 Bc3 33. Rc2 d4 34. Kf1 Ke7 35. Ke2 Kd6 36. Kd3 Kd5 37. f3 e5 38. g4 f5 39. gxf5 gxf5 40. Re2 h6 41. Kc2 e4 42. fxe4+ fxe4 43. Kb3 d3 44. Rg2 Be5 45. a4 e3 46. b5 e2 47. Rg1 d2 0-1

[Event "Ostersund Jamt Cup"]
[Site "Ostersund"]
[Date "2019.12.26"]
[Round "1"]
[White "Wik, Bo"]
[Black "Fridman, Arvid"]
[Result "1-0"]
[WhiteElo "1818"]
[BlackElo "1393"]
[PlyCount "47"]
[EventDate "2019.12.26"]
[EventType "swiss"]
[EventRounds "7"]
[EventCountry "SWE"]
[SourceTitle "CBM 194 Extra"]
[Source "ChessBase"]
[SourceDate "2020.03.31"]
[SourceVersion "1"]
[SourceVersionDate "2020.03.31"]
[SourceQuality "1"]

1. e4 e5 2. Nf3 Nc6 3. d4 exd4 4. Bc4 Bc5 5. Bxf7+ Kxf7 6. Ng5+ Kf8 7. 0-0 Nf6 8. Re1 d6 9. c3 Bg4 10. f3 Bh5 11. Ne6+ Kf7 12. Nxd8+ Raxd8 13. Kh1 dxc3 14. Nxc3 Ne5 15. Qb3+ Kg6 16. Qxb7 Nxf3 17. Rf1 Nd4 18. Bf4 Bb6 19. h3 Ne2 20. g4 Nxg4 21. hxg4 Bxg4 22. Qd5 h6 23. Nxe2 Bxe2 24. Qf5# 1-0